书目信息 |
| 题名: |
谈写作
|
|
| 作者: | 宋鸽 , 刘亚文 编著 | |
| 分册: | ||
| 出版信息: | 南昌 江西教育出版社 2025.01 |
|
| 页数: | 246页 | |
| 开本: | 21cm | |
| 丛书名: | ||
| 单 册: | ||
| 中图分类: | G40 | |
| 科图分类: | ||
| 主题词: | 教育学--论文--写作 | |
| 电子资源: | ||
| ISBN: | 978-7-5705-4774-6 | |
| 000 | 01084nam0 2200253 450 | |
| 001 | 013512780 | |
| 005 | 20251022191417.38 | |
| 010 | @a978-7-5705-4774-6@dCNY52.00 | |
| 100 | @a20250322d2025 em y0chiy0120 ea | |
| 101 | 0 | @achi |
| 102 | @aCN@b360000 | |
| 105 | @aa z 000yy | |
| 106 | @ar | |
| 200 | 1 | @a谈写作@9tan xie zuo@e45位教师的写作体验@e教育写作的N种可能@f宋鸽,刘亚文编著 |
| 210 | @a南昌@c江西教育出版社@d2025.01 | |
| 215 | @a246页@c彩图@d21cm | |
| 300 | @a滕阁读书 | |
| 330 | @a本书围绕教师写作的难点、痛点,《中国教师报》记者宋鸽、刘亚文特邀45位一线名师、大学教师等进行专题访谈,深入探讨他们在真实写作情境中是如何化解写作难题的。一人一经验,一人一分享,读时轻松有趣,读后回味无穷。本书不仅能帮助教师打开写作思路,获得多种启示与思考,更能帮助教师鼓起勇气开始写作,为自己的教育实践留下文字痕迹,找到撬动专业成长的支点,进而推动教育教学方式的改进与课堂的变革。 | |
| 606 | 0 | @a教育学@x论文@x写作 |
| 690 | @aG40@v5 | |
| 701 | 0 | @a宋鸽@9song ge@4编著 |
| 701 | 0 | @a刘亚文@9liu ya wen@4编著 |
| 801 | 0 | @aCN@c20250909 |
| 905 | @a河南城建学院图书馆@dG40@eS760@ZS760@f1 | |
| 谈写作:45位教师的写作体验:教育写作的N种可能/宋鸽,刘亚文编著.-南昌:江西教育出版社,2025.01 |
| 246页:彩图;21cm |
| 滕阁读书 |
| ISBN 978-7-5705-4774-6:CNY52.00 |
| 本书围绕教师写作的难点、痛点,《中国教师报》记者宋鸽、刘亚文特邀45位一线名师、大学教师等进行专题访谈,深入探讨他们在真实写作情境中是如何化解写作难题的。一人一经验,一人一分享,读时轻松有趣,读后回味无穷。本书不仅能帮助教师打开写作思路,获得多种启示与思考,更能帮助教师鼓起勇气开始写作,为自己的教育实践留下文字痕迹,找到撬动专业成长的支点,进而推动教育教学方式的改进与课堂的变革。 |
| ● |
| 相关链接 |
|
|
|
正题名:谈写作
索取号:G40/S760
 
预约/预借
| 序号 | 登录号 | 条形码 | 馆藏地/架位号 | 状态 | 备注 |
| 1 | 1633139 | 216331397 | 社科库409/409社科库 1排2列1层/ [索取号:G40/S760] | 在馆 |